Score 0/16 Timer 03:00
0 Plays Today
Question Answer Wrong Answers
Location
Cincinnati, OH
Cincinnati Bengals
86.8%
Carolina Panthers
2.7%
Detroit Lions
1.2%
Jacksonville Jaguars
3.2%
Location
Charlotte, North Carolina
Carolina Panthers
86.5%
Cincinnati Bengals
2.6%
Detroit Lions
0.7%
Jacksonville Jaguars
3.9%
Location
Detroit, MI
Detroit Lions
83%
Cincinnati Bengals
8.3%
Carolina Panthers
1.8%
Jacksonville Jaguars
1%
Players Include
Cam Newton, Julius Peppers, Steve Smith
Carolina Panthers
81.5%
Cincinnati Bengals
4.8%
Detroit Lions
2.3%
Jacksonville Jaguars
5.6%
Location
Jacksonville, FL
Jacksonville Jaguars
81%
Cincinnati Bengals
2.4%
Carolina Panthers
9.7%
Detroit Lions
0.8%
Players Include
Anthony Muñoz, Boomer Esiason, A. J. Green
Cincinnati Bengals
78.6%
Carolina Panthers
5%
Detroit Lions
4.1%
Jacksonville Jaguars
5.7%
Mascot
Jaxson de Ville
Jacksonville Jaguars
78.3%
Cincinnati Bengals
4.3%
Carolina Panthers
9.8%
Detroit Lions
1.8%
Players Include
Barry Sanders, Calvin Johnson, Herman Moore
Detroit Lions
77.7%
Cincinnati Bengals
7.8%
Carolina Panthers
4.2%
Jacksonville Jaguars
3.8%
Home Venue
Ford Field
Detroit Lions
76.5%
Cincinnati Bengals
8.3%
Carolina Panthers
4.9%
Jacksonville Jaguars
3.7%
Home Venue
Paul Brown Stadium
Cincinnati Bengals
70.9%
Carolina Panthers
8.3%
Detroit Lions
5.9%
Jacksonville Jaguars
8.5%
Mascot
Roary
Detroit Lions
70.7%
Cincinnati Bengals
11%
Carolina Panthers
6.6%
Jacksonville Jaguars
5%
Players Include
Fred Taylor, Maurice Jones-Drew, Tony Boselli
Jacksonville Jaguars
64.5%
Cincinnati Bengals
10.2%
Carolina Panthers
12.6%
Detroit Lions
5.9%
Home Venue
Bank of America Stadium
Carolina Panthers
61.4%
Cincinnati Bengals
12.1%
Detroit Lions
8.8%
Jacksonville Jaguars
11.1%
Mascot
Who Dey
Cincinnati Bengals
56.2%
Carolina Panthers
17.2%
Detroit Lions
6.8%
Jacksonville Jaguars
13.4%
Mascot
Sir Purr
Carolina Panthers
53.5%
Cincinnati Bengals
18.1%
Detroit Lions
10.5%
Jacksonville Jaguars
11.4%
Home Venue
TIAA Bank Field
Jacksonville Jaguars
49.5%
Cincinnati Bengals
16.6%
Carolina Panthers
19.2%
Detroit Lions
8%

Today's Daily Dose

Remove Ads.
Support Sporcle.
Get the best of Sporcle when you Go Orange. This ad-free experience offers more features, more stats, and more fun while also helping to support Sporcle. Thank you for becoming a member.

You're not logged in!

Compare scores with friends on all Sporcle quizzes.
OR
Log In

Show Comments

Extras

Top Quizzes Today


Score Distribution

Your Account Isn't Verified!

In order to create a playlist on Sporcle, you need to verify the email address you used during registration. Go to your Sporcle Settings to finish the process.

Report this User

Report this user for behavior that violates our Community Guidelines.

Details: